Famous War Cries (Hard!) - Statistics

General Stats
  • This quiz has been taken 30 times
  • The average score is 5 of 12
Answer Stats
Year Slogan Answer % Correct
1789 - 1799 "Liberté! Egalité! Fraternité!" French Revolution
86%
1939 - 1941 "Banzai!" World War 2
86%
1765 - 1783 "No taxation without representation!" American Revolution
64%
1898 "Remember the Maine, to hell with Spain!" Spanish American War
57%
1917 - 1923 "Peace, Land, and Bread!" Russian Revolution
36%
1916 "They shall not pass!" Battle of Verdun
32%
1942 - 1943 "Not a step back!" Battle of Stalingrad
25%
1942 - 1947 "Jai Hind!" Indian Independence Movement
21%
1953 - 1959 "Patria o Muerte!" Cuban Revolution
14%
1910 - 1917 "Land and Liberty!" Mexican Revolution
14%
1822 "Independence or Death!" Brazilian Independence
11%
1971 "Joy Bangla!" Bangladesh Liberation War
4%
No matching quizzes found
Score Distribution
Percent of People with Each Score
Percentile by Number Answered
Your Score History
You have not taken this quiz